Billeder fra Haiti = (Record no. 12346)

MARC details
000 -LEADER
campo de control de longitud fija 01595cam a2200421Ia 4500
001 - NÚMERO DE CONTROL
campo de control 40733
005 - FECHA Y HORA DE LA ÚLTIMA TRANSACCIÓN
campo de control 20230410101711.0
008 - DATOS DE LONGITUD FIJA--INFORMACIÓN GENERAL
campo de control de longitud fija 001215s2000 dk a c 000 0 dan d
035 ## - NÚMERO DE CONTROL DEL SISTEMA
Número de control de sistema (OCoLC)ocm45576575
040 ## - FUENTE DE CATALOGACIÓN
Centro catalogador/agencia de origen FBR
Centro/agencia transcriptor FBR
Centro/agencia modificador OCL
-- SMI
-- OCLCQ
020 ## - NÚMERO INTERNACIONAL ESTÁNDAR DEL LIBRO
Número Internacional Estándar del Libro 8777660870 (pbk.)
020 ## - NÚMERO INTERNACIONAL ESTÁNDAR DEL LIBRO
Número Internacional Estándar del Libro 9788777660870 (pbk.)
029 1# - OTRO NÚMERO DE CONTROL DE SISTEMA (OCLC)
Identificador de la biblioteca OCLC NLGGC
Número de control de sistema 292658451
035 ## - NÚMERO DE CONTROL DEL SISTEMA
Número de control de sistema (OCoLC)45576575
041 1# - CÓDIGO DE IDIOMA
Código de lengua del texto/banda sonora o título independiente dan
Código de lengua original eng
043 ## - CÓDIGO DE ÁREA GEOGRÁFICA
Código de área geográfica nwht---
082 00 - NÚMERO DE LA CLASIFICACIÓN DECIMAL DEWEY
Número de clasificación 759.97294
Número de edición 21
050 14 - SIGNATURA TOPOGRÁFICA DE LA BIBLIOTECA DEL CONGRESO
Número de clasificación 110 ND 306
Número de ítem B597 2000
245 00 - MENCIÓN DEL TÍTULO
Título Billeder fra Haiti =
Resto del título Images from Haiti, Jorgen Leth's collection.
246 31 - FORMA VARIANTE DEL TITULO
Título propio/Titulo breve Images from Haiti
246 30 - FORMA VARIANTE DEL TITULO
Título propio/Titulo breve Jorgen Leth's collection.
260 ## - PUBLICACIÓN, DISTRIBUCIÓN, ETC.
Lugar de publicación, distribución, etc. [Denmark] :
Nombre del editor, distribuidor, etc. Kunsthallen Brandts Klaedefabrik,
Fecha de publicación, distribución, etc. [2000]
300 ## - DESCRIPCIÓN FÍSICA
Extensión 191 p. :
Otras características físicas col. ill. ;
Dimensiones 29 cm.
500 ## - NOTA GENERAL
Nota general Exhibition "shown in Kunsthallen Brandts Kaledefabrik from the 18 September 1999 to the 30 January 2000."
500 ## - NOTA GENERAL
Nota general "The exhibition has been realised by support from the DCCD (Danish Center for Culture and Development) and the Jyllands-Posten Foundation."
546 ## - NOTA DE IDIOMA
Nota de lengua/lenguaje Bilingual edition--Text in Danish and English.
600 10 - PUNTO DE ACCESO ADICIONAL DE MATERIA--NOMBRE DE PERSONA
Nombre de persona Leth, Jorgen
Subdivisión general Art collections
Subdivisión de forma Catalogs.
650 #0 - PUNTO DE ACCESO ADICIONAL DE MATERIA--TÉRMINO DE MATERIA
Término de materia o nombre geográfico como elemento de entrada Painting, Haitian
Subdivisión cronológica 20th century
Subdivisión de forma Exhibitions.
650 #0 - PUNTO DE ACCESO ADICIONAL DE MATERIA--TÉRMINO DE MATERIA
Término de materia o nombre geográfico como elemento de entrada Painting, Modern
Subdivisión cronológica 20th century
Subdivisión geográfica Haiti
Subdivisión de forma Exhibitions.
650 #0 - PUNTO DE ACCESO ADICIONAL DE MATERIA--TÉRMINO DE MATERIA
Término de materia o nombre geográfico como elemento de entrada Haiti in art.
650 #4 - PUNTO DE ACCESO ADICIONAL DE MATERIA--TÉRMINO DE MATERIA
Término de materia o nombre geográfico como elemento de entrada CEH
650 #4 - PUNTO DE ACCESO ADICIONAL DE MATERIA--TÉRMINO DE MATERIA
Término de materia o nombre geográfico como elemento de entrada Colección Estudios Haitianos
710 2# - ENTRADA AGREGADA--NOMBRE DE ENTIDAD CORPORATIVA
Nombre de entidad corporativa o nombre de jurisdicción como elemento de entrada Kunsthallen (Brandts klµdefabrik)
710 2# - ENTRADA AGREGADA--NOMBRE DE ENTIDAD CORPORATIVA
Nombre de entidad corporativa o nombre de jurisdicción como elemento de entrada DCCD (Danish Center for Culture and Development)
710 2# - ENTRADA AGREGADA--NOMBRE DE ENTIDAD CORPORATIVA
Nombre de entidad corporativa o nombre de jurisdicción como elemento de entrada Jyllands-Posten Foundation.
942 ## - ELEMENTOS DE ENTRADA SECUNDARIOS (KOHA)
Fuente del sistema de clasificación o colocación Clasificación de Library of Congress
Tipo de ítem Koha
994 ## -
-- C0
-- DRFGD
Holdings
Estatus retirado Estado de pérdida Fuente del sistema de clasificación o colocación Estado de daño No para préstamo Colección Biblioteca de origen Biblioteca actual Ubicación en estantería Fecha de adquisición Serial enumeration / chronology Signatura topográfica completa Código de barras Visto por última vez Copia número Tipo de ítem Koha
    Clasificación de Library of Congress     Recursos Regionales Biblioteca Juan Bosch Biblioteca Juan Bosch Recursos Regionales (2do. Piso) 10/04/2023 1 110 ND 306 B597 2000 00000041796 23/10/2018 1